000 00812nam a2200253Ia 4500
003 OSt
005 20220923224717.0
006 a|||||r|||| 00| 0
007 ta
008 220922b |||||||| |||| 00| 0 hin d
024 _a248,993
037 _cTextual
040 _aARTS
_cARTS
_bhin
041 _2hin
_ahin
082 _aO152:gN5, L9
100 _aजमाली, सतीश
245 0 _aसमकालीन हिन्दी आलोचना
246 _aSamakālīn hindī ālochanā
260 _aइलाहाबाद
_b नई कहानी प्रकाशन
_c1979
300 _a196पृ.
_ccm.
650 _aहिन्दी साहित्य
_9156264
942 _hO152:gN5, L9
_cTEXL
_2CC
999 _c373139
_d373139